02649cam a22003254i 4500003000900000005001700009008004100026035001900067040003300086082001700119100002800136245003600164264009400200300000500294336002100299337002500320338002300345505185900368526001002227526001002237526001002247526001002257526000802267526000802275526000802283526000802291526000802299526000802307526000802315PE-LiUPU20250731173211.0150625s1961 ag r 000 0 spa d a(Sirsi) a32285 aPE-LiUPUbspacPE-LiUPUerda04a200bV582211 aVries, Anne de,eautor.13aEl gran libro /cAnne de Vries. 1aBuenos Aires :bJunta de publicaciones de las iglesias reformadas en la argentina,c1961. a atext2rdacontent aunmediated2rdamedia avolume2rdacarrier0 aLa creación. - En el huerto del Edén. - El primer pecado. - De tal manera amo Dios al mundo. - Caín y Abel. - Dios es fiel. - El diluvio. - Bendición y maldición. - La torre de Babel. - El amigo de Dios. - Abram y Lot. - Prueba de fe. - ¿Hay cosa alguna demasiado dificil para Jehova?. - Sodoma y Gomorra. - Agar e Ismael. - Amar a Dios sobre todas las cosas. - Rebeca. - Jacob y Esau. - El engaño. - La huida de Jacob. - Jacob y Laban. - Peniel. - Jose y sus hermanos. - Jose como esclavo. - Jose en la carcel. - El rey soño. - Los hermanos van a Egipto. - Segundo viaje de los hermanos. - Viaje de Jacob a Egipto. - Job. - Moises. - El principe Moises. - La vocaciónde Moises. - Un hombre lucha contra Dios. - La liberación. - Por mar y arena. - Como un padre los conducia. - Junto al Sinai. - El tabernaculo. - Incredulidad. - Cuarenta años. - Balaam,el mago. - Moises sobre el Nebo. - La entrada en canaam. - Por la fe. - La tierra conquistada. - Debora. - Gedeón. - Samson. - El fin de Samson. - Rut. - Samuel. - El arca con los filisteos. - Samuel como juez. - El nuevo rey. - Desobediencia. - David. - David y Goliat. - Guardado por Dios. - Como una perdiz entre los montes. - Amad a vuestros enemigos. - Nabal. - Haquila. - Siclag. - El fin de Saul. - David es hecho rey. - David, el siervo de Dios. - Bat-seba. - Absalom. - La muerte de Absalom. - El fin de David. - Salomon. - La escisión. - Jeroboam, el pecador. - Asa, el piadoso. - Elias. - "¡El señor es Dios!". - Elias sobre el Horeb. - Nabot. - La muerte de Acab. - Josafat. - Elias y Eliseo. - Eliseo. - Naaman y Giezi. - Eliseo y los Sirios. - Jehú. - Joás. - Jonás. - El fin de Israel. - Isaias. - Ezequias. - Manases y Josias. - Jeremias. - Daniel. - En el horno ardiente. - Belsasar. - En la cueva de los leones. - El regreso. - Ester. - Por la fe. aSEG42 aSEG41 aSEG40 aSEG39 aP94 aP87 aP86 aP85 aP77 aP76 aP35